Fill-in-the-Letters by Category Quiz Stats

Quiz Updated Mar 16, 2012

Challenge
Share
Tweet
Embed
Score 0/36 Timer 08:00
1 Play Today
% Correct
Arkansas
92.8%
Texas
91.8%
Utah
87.6%
Alaska
82.6%
John Paul
79.6%
Massachusetts
77.4%
Tennessee
66.9%
Leo
59.3%
silver
58.1%
Pius
57.4%
Unforgiven
53.5%
Peter or Soter
52.2%
Oman
51.3%
Casablanca
39.5%
lead
39%
Blair
38.6%
Syria
35.7%
Thatcher
31.9%
% Correct
Togo
31.3%
Brown
31%
neon
27.9%
Stephen
25.2%
Crash
22.4%
manganese
19.7%
Eugene
16.3%
Macmillan
14.9%
Cameron
14.7%
thulium
14.6%
Romania
13.6%
Nigeria
13.4%
Disraeli
12.7%
Braveheart
10.9%
Titanic
10.2%
Patton
8.8%
lanthanum
5.5%
Comoros
4.7%

You're not logged in!

Compare scores with friends on all Sporcle quizzes.
Join for Free
OR
Log In

You Might Also Like...

Show Comments

Extras

Top Quizzes Today


Score Distribution

Your Account Isn't Verified!

In order to create a playlist on Sporcle, you need to verify the email address you used during registration. Go to your Sporcle Settings to finish the process.

Report this User

Report this user for behavior that violates our Community Guidelines.

Details: